000 00348nam a2200169Ia 4500
100 _aRackley/Steve
650 _aNetworking
942 _cBK
366 _f25
654 _anetworking
245 _aNetworking in easy steps
260 _bDream tech
_aMumbai
_c2008
082 _a384.5
_bRAC
300 _a92
546 _aENGLISH
999 _c35026
_d35026